000 00905nas a2200253 454500
001 16080
005 20260407193505.0
008 260407s1974####ag###########|||spa#d
003 AR-UNSa-BCEJYS
040 _aAR-UNSa-BCEJYS
_bspa
_cAR-UNSa-BCEJYS
080 _a339.9
_xEconomía internacional en general. Relaciones económicas internacionales. Economía mundial
245 1 0 _aEconomía internazionale
022 _a0012-981X
264 1 _aGenova :
_bIstituto di Economia Internazionale
_c1974
310 _aFrecuencia: Trimestral
942 _cSER
590 _aniveau_biblio:s niveau_hierar:1
100 1 _aIstituto di Economia Internazionale
700 1 _aTravaglini, Volrico
650 _aCondiciones económicas
650 _aECONOMIA
650 _aECONOMIA INTERNACIONAL
856 4 1 _uhttps://biblioeco.unsa.edu.ar/pmb/images/revistas/Economia Internazionale.jpg
_yImagen de portada
_qimage/jpeg
999 _c8486
_d8486